01038 2200217 4500001002100000005001500021035002500036008004100061245044100102100002000543260005400563300005100617020001800668084000800686520002000694650003000714990001900744990001900763990001900782990001900801INLIS00000000000496420200504041951 a0010-121900000004964200504 | ind 1 aSejarah agama manusia :bSetiap manusia pada hakikatnya secara alamiah mampu menyadari, merasakan, dan merindukan keberadaan Sang Sumber Kehidupan yang meliputi segalanya atau disebut Tuhan. Sejak ribuan tahun yang lalu umat manusia di sepanjang sejarah dan semua peradaban selalu mencari jawaban atas kehidupan ini, baik melalui budaya, adat, mitologi, agama, seni, filsafat, serta ilmu pengetahuan yang dimilikinya. /cMohammad zazuli0 aMohammad zazuli aNarasi : Yogyakarta :bNarasi : Yogyakarta,c2018 ai.530hlm : 15 x 23 cm ;ci.530hlm : 15 x 23 cm a979-168-520-7 a299 aAPBD 2019 4 EKS 4aSejarah agama manusia 299 aB2019120212452 aB2019120212453 aB2019120212454 aB2019120212455